| 000 | 02285namaa22003617i 4500 | ||
|---|---|---|---|
| 001 | 768714001 | ||
| 003 | CO-MdFUSB | ||
| 005 | 20260306145121.0 | ||
| 007 | cr aa aaaaa | ||
| 008 | 260225s2025 ck ||||| |||| 00| 0 spa dd | ||
| 040 |
_aCO-MdFUSB _bEspañol _cCO-MdFUSB _dCO-MdFUSB |
||
| 041 | _aspa | ||
| 043 | _ack | ||
| 100 |
_aPascagaza Gacha, Paulo Stefano, _cautor |
||
| 245 |
_aUna interpretación del Salmo 77 a la luz de la perspectiva sociológica de la memoria colectiva de Maurice Halbwachs, y la perspectiva bíblico-teológica de זכר en el Salterio _c/ Paulo Stefano Pascagaza Gacha ; asesorado por David Baer Potter |
||
| 264 | 1 |
_aMedellín, Colombia : _bFUSBC, _c2025 |
|
| 300 | _aRecurso electrónico | ||
| 336 |
_2rdacontent _atexto _btxt |
||
| 337 |
_2rdamedia _ainformático _bc |
||
| 338 |
_2rdacarrier _aremoto _bcr |
||
| 502 |
_aTesis de Maestría _bMaestría en Interpretación Bíblica _cFundación Universitaria Seminario Bíblico de Colombia, _d2025 |
||
| 504 | _aBibliografía (página 1) | ||
| 505 | _aPerspectiva sociológica de la memoria colectiva según Maurice Halbwachs. -- Perspectiva bíblico-teológica de זכר y שכחׁלא־/אל en el Salterio. -- Interpretación interdisciplinar del Salmo 77. -- Conclusiones. | ||
| 506 | _aAcceso en línea | ||
| 520 | _aLa presente investigación presenta una interpretación interdisciplinar del Salmo 77 a la luz de la perspectiva sociológica de la memoria colectiva de Maurice Halbwachs y la perspectiva bíblico-teológica de זכר en el Salterio. Estas dos perspectivas contribuyen a concebir este salmo como un testimonio de la tradición escrita e inspirada de las memorias colectivas de la revelación y relación de Dios con su pueblo. Además, posibilitan una explicación alternativa al hecho de que recordar es una acción desorientadora que agrava la angustia del salmista (vv. 2-11), y también, es una acción re-orientadora que le trae esperanza (vv. 12-21). | ||
| 630 | 0 | 7 |
_aBiblia. _pSalmos _xCrítica, interpretación, etc. |
| 653 | _aMemoria colectiva. -- Maurice Halbwachs. -- Brevard Childs. -- זכר | ||
| 700 |
_aBaer Potter, David Allen, _easesor _910227 |
||
| 856 | _aREPCI | ||
| 942 | _cTG | ||
| 945 | _aJTF-925 | ||
| 999 |
_c71603 _d71603 |
||